000 00613nam a22001697a 4500
020 _qHard Cover.
082 _a200
100 _aSiddiqui, Ayesha
245 _aDevelopment of Fault Progression Model for Utilization in Prognostic Techniques /
_cAyesha Siddiqui.
260 _aKarachi :
_bPNEC - NUST,
_c2013.
300 _avii, 58 p. : ill. ;
_c30cm.
650 _aMS-Electrical Engineering
_923567
700 _aSupervisor: Dr. Syed Sajjad Haider Zaidi.
_9127716
856 _uhttp://10.250.8.41:8080/xmlui/handle/123456789/20425
942 _2ddc
_cSC
999 _c535456
_d535456